Affiches Disney par images restreintes - Statistiques

Statistiques générales
  • Ce quiz a été pris 437 fois
  • Le résultat moyen est 17 sur 20
Statistiques - réponses
Par images Réponse % Correct
Blanche Neige et les Sept Nains
99%
La Belle et la Bête
98%
La Belle et le Clochard
97%
Aladdin
95%
Coco
94%
Cendrillon
93%
Le Livre de la Jungle
93%
Zootopie
93%
Bambi
92%
Alice au Pays des Merveilles
90%
Vaiana : La Légende du bout du monde
90%
Le Bossu de Notre Dame
82%
Peter Pan
82%
Pinocchio
76%
Encanto : La Fantastique Famille Madrigal
75%
Dumbo
68%
Lilo et Stitch
68%
La Belle au Bois Dormant
66%
La Petite Sirène
55%
Wish : Asha et la Bonne Étoile
50%
Aucun quiz correspondant
Distribution des résultats
% des personnes avec chaque résultat
Percentile par nombre de réponses
Votre historique - résultats
Vous n’avez pas pris ce quiz